Normal view
MARC view
- Building
Entry Topical Term
001 - CONTROL NUMBER
- control field: 45138
003 - CONTROL NUMBER IDENTIFIER
- control field: NUST
005 - DATE AND TIME OF LATEST TRANSACTION
- control field: 20210314133149.0
008 - FIXED-LENGTH DATA ELEMENTS
- fixed length control field: 210314|| aca||aabn | a|a d
040 ## - CATALOGING SOURCE
- Original cataloging agency: NUST
- Transcribing agency: NUST
150 ## - HEADING--TOPICAL TERM
- Topical term or geographic name entry element: Building
- General subdivision: Tables
670 ## - SOURCE DATA FOUND
- Source citation: Work cat.: (NUST): McKaig, Thomas H. 45137, Applied structural design of buildings, [1965]
